000 00602cas a2200193 4500
008 050530s1969 mx 000 0 spa u
035 _aa446351
245 1 4 _aLos medios de comunicación de masas en México :
_bEnrique González Pedrero ... [et al.]
250 _a1a. ed.
260 _aMéxico :
_bUNAM,
_c1969
300 _a175 p. ;
_c21 cm.
440 0 _aEstudio ;
_vno. 10
504 _aIncluye indice
506 _aDonación
650 0 _aMedios de comunicación de masas
650 0 _aMedios de comunicacióm de masas
_xAspectos sociales
942 _2lcc
_cLIB
999 _c109034
_d109034